Statistics for Which one is a ____- Ultimate quiz

Click here to take the quiz!

General Stats

  • This quiz has been taken 38 times
  • The average score is 50 of 64

Answer Stats

QuestionTileSelect% Correct
Over 100 Million populationNo
100%
That are islandsNo
100%
Countries bigger than IndiaNo
100%
Countries bigger than IndiaNo
100%
Countries bigger than IndiaNo
100%
That are islandsNo
100%
Countries bigger than IndiaNo
100%
Over 100 Million populationNo
97%
That are islandsNo
97%
Over 100 Million populationNo
97%
Countries bigger than IndiaNo
97%
Countries smaller than CyprusNo
97%
That are islandsNo
97%
Countries smaller than CyprusNo
97%
Over 100 Million populationNo
97%
Over 100 Million populationYes
94%
Over 100 Million populationYes
94%
That are islandsYes
94%
That are islandsYes
94%
Countries bigger than IndiaNo
91%
That are islandsYes
91%
Countries bigger than IndiaNo
91%
Over 100 Million populationNo
89%
Countries bigger than IndiaNo
89%
Countries bigger than IndiaYes
86%
Countries bigger than IndiaYes
86%
Over 100 Million populationYes
86%
That are islandsYes
86%
Over 100 Million populationNo
86%
Countries bigger than IndiaNo
83%
Countries smaller than CyprusYes
83%
Countries bigger than IndiaYes
83%
That are islandsYes
83%
That are islandsYes
83%
Over 100 Million populationNo
80%
Over 100 Million populationYes
80%
Over 100 Million populationNo
80%
Countries bigger than IndiaNo
74%
That are islandsNo
74%
That are islandsYes
71%
Countries smaller than CyprusYes
71%
Countries bigger than IndiaNo
71%
Countries bigger than IndiaYes
71%
Countries smaller than CyprusNo
71%
Over 100 Million populationYes
71%
Over 100 Million populationNo
71%
Over 100 Million populationYes
71%
Over 100 Million populationYes
69%
Countries bigger than IndiaNo
66%
Countries smaller than CyprusYes
66%
Countries smaller than CyprusYes
60%
That are islandsYes
60%
Countries smaller than CyprusNo
60%
Countries smaller than CyprusYes
60%
Countries smaller than CyprusNo
57%
That are islandsNo
54%
That are islandsYes
54%
That are islandsNo
54%
Countries smaller than CyprusNo
46%
Countries smaller than CyprusYes
46%
Countries smaller than CyprusYes
40%
Countries smaller than CyprusYes
37%
Countries smaller than CyprusNo
34%
Countries smaller than CyprusNo
29%

Score Distribution

Percentile by Number Answered

Percent of People with Each Score

Your Score History

You have not taken this quiz